| 000 | 00672nam a2200289Ia 4500 | ||
|---|---|---|---|
| 005 | 20260324135813.0 | ||
| 008 | 008 260324s9999 xx 000 0 eng d | ||
| 020 | _a9781315026718 | ||
| 037 | _aEBOOK | ||
| 040 | _aCRL | ||
| 040 | _beng | ||
| 040 | _cCRL | ||
| 041 | _2eng | ||
| 041 | _aeng | ||
| 084 | _qCRL | ||
| 100 |
_aKeith Pratt; Richard Rutt _91201974 |
||
| 245 | 0 | _aKorea | |
| 245 | 2 | _bA Historical and Cultural Dictionary | |
| 260 | _bTaylor and Francis | ||
| 260 | _c1999 | ||
| 365 | _a | ||
| 365 | _b325 | ||
| 856 | _uhttp://www.taylorfrancis.com/books/9781315026718 | ||
| 942 | _cEBOOK | ||
| 999 |
_c1803425 _d1803425 |
||